Linear Algebra

Αποθηκεύτηκε σε:
Λεπτομέρειες βιβλιογραφικής εγγραφής
Κύριος συγγραφέας: Berberian, Sterling K. 1926-
Μορφή: Βιβλίο
Γλώσσα:English
Δημοσίευση: Oxford : New York : Oxford University Press, 1992
Θέματα:
Ετικέτες: Προσθήκη ετικέτας
Δεν υπάρχουν, Καταχωρήστε ετικέτα πρώτοι!

MARC

LEADER 00000cam a2200000 i 4500
001 1/27255
008 941103s1992 eng d
020 |a 0198534353  |c $30.00 (U.S.) 
035 |l 10037781 
035 |a 1993  |c ΒΙΒΛΙΟΘΗΚΗ 
040 |a GR-MY-UA  |b gre  |e aacr 
041 0 |a eng 
082 0 |a 512.5  |2 (20) 
100 1 |a Berberian, Sterling K.  |d 1926- 
245 1 0 |a Linear Algebra /  |c Sterling K. Berberian 
260 |a Oxford :   |a New York :   |b Oxford University Press,   |c 1992 
300 |a xiv, 356 p.;  |b ill.;  |c 25 cm 
500 |a Includes indexes 
650 0 0 |a Algebras, Linear. 
852 |a INST  |b SAMOS  |e 19941103  |h 512.5 BER  |p 005300008038  |q 005300008038  |t BK  |y 0 
909 |a Σ  |b 029539